[Event "FRA-chT4 0304"]
[Site "Bretagne"]
[Date "2004.02.01"]
[Round "5"]
[White "Ragot, Nicolas"]
[Black "Lepagnol, Christian"]
[Result "1-0"]
[WhiteElo "2099"]
[BlackElo "1890"]
[PlyCount "53"]
[EventDate "2003.10.12"]
[EventType "team"]
[EventRounds "9"]
[EventCountry "FRA"]
[SourceTitle "EXT 2005"]
[Source "ChessBase"]
[SourceDate "2004.11.15"]
[SourceVersion "1"]
[SourceVersionDate "2004.11.15"]
[SourceQuality "1"]

1. c4 e6 2. g3 d5 3. Bg2 c6 4. Nf3 Nd7 5. 0-0 Ngf6 6. b3 Bd6 7. Bb2 0-0 8. d4 Qe7 9. Ne5 c5 10. e3 Ne4 11. f3 Nef6 12. Nd2 cxd4 13. exd4 Nxe5 14. dxe5 Bc5+ 15. Kh1 Nd7 16. cxd5 exd5 17. f4 Nb6 18. f5 Qg5 19. f6 g6 20. Rf4 h5 21. Nf3 Qh6 22. Bc1 Rd8 23. b4 g5 24. Rh4 Bg4 25. bxc5 Nc4 26. Bxg5 Qg6 27. Bf4 1-0

[Event "Plancoet op 2nd"]
[Site "Plancoet"]
[Date "2002.07.28"]
[Round "2.14"]
[White "Lepagnol, Christian"]
[Black "Guezennec, Franck"]
[Result "0-1"]
[WhiteElo "1800"]
[BlackElo "2080"]
[PlyCount "92"]
[EventDate "2002.07.23"]
[EventType "swiss"]
[EventRounds "9"]
[EventCountry "FRA"]
[SourceTitle "EXT 2003"]
[Source "ChessBase"]
[SourceDate "2002.11.25"]
[SourceVersion "1"]
[SourceVersionDate "2002.11.25"]
[SourceQuality "1"]

1. d4 Nf6 2. Nf3 c5 3. c3 e6 4. Bf4 Nc6 5. e3 cxd4 6. exd4 Be7 7. Bd3 a6 8. 0-0 b5 9. Nbd2 Bb7 10. Ne4 Nxe4 11. Bxe4 d5 12. Bc2 g5 13. Bg3 h5 14. Be5 Bf6 15. Qe2 Rc8 16. Rfe1 h4 17. Bf5 Rg8 18. Bg4 Bxe5 19. Nxe5 Nxe5 20. Qxe5 Qc7 21. Bh5 Qxe5 22. Rxe5 Rc7 23. Rxe6+ Kf8 24. Re5 g4 25. Rae1 Bc6 26. f3 g3 27. h3 Rb7 28. Rf5 Rh8 29. Re6 Rxh5 30. Rxh5 fxe6 31. Rh8+ Kf7 32. Rxh4 b4 33. Rh7+ Kf6 34. Rxb7 Bxb7 35. cxb4 Bc6 36. Kf1 Bb5+ 37. Ke1 e5 38. dxe5+ Kxe5 39. b3 Kd4 40. a4 Bd3 41. Kd2 Bf1 42. h4 Bxg2 43. b5 axb5 44. axb5 Bxf3 45. b6 g2 46. b7 g1Q 0-1

[Event "Guingamp op 6th"]
[Site "Guingamp"]
[Date "2002.04.18"]
[Round "4"]
[White "Lepagnol, Christian"]
[Black "Lemasle, Raphael"]
[Result "0-1"]
[WhiteElo "1940"]
[BlackElo "2116"]
[PlyCount "56"]
[EventDate "2002.04.16"]
[EventType "swiss"]
[EventRounds "7"]
[EventCountry "FRA"]
[SourceTitle "EXT 2003"]
[Source "ChessBase"]
[SourceDate "2002.11.25"]
[SourceVersion "1"]
[SourceVersionDate "2002.11.25"]
[SourceQuality "1"]

1. d4 c5 2. c3 e6 3. Nf3 Nf6 4. Bf4 Nc6 5. e3 d5 6. Nbd2 Bd6 7. Bg3 0-0 8. Bd3 b6 9. Qc2 Bb7 10. 0-0 Bxg3 11. hxg3 Rc8 12. Qa4 Qd6 13. Bb5 Nd7 14. Ne5 Ndxe5 15. dxe5 Nxe5 16. f4 Ng4 17. e4 d4 18. Nc4 Qb8 19. cxd4 cxd4 20. e5 Qa8 21. Nd6 Bxg2 22. Nxc8 Rxc8 23. Rfc1 Rc5 24. Rxc5 bxc5 25. Rc1 Qf3 26. Rc2 Qd1+ 27. Kxg2 Ne3+ 28. Kh2 Qxc2+ 0-1

[Event "Guingamp op 6th"]
[Site "Guingamp"]
[Date "2002.04.17"]
[Round "2"]
[White "Lepagnol, Christian"]
[Black "Alanic, Xavier"]
[Result "0-1"]
[WhiteElo "1940"]
[BlackElo "2126"]
[PlyCount "82"]
[EventDate "2002.04.16"]
[EventType "swiss"]
[EventRounds "7"]
[EventCountry "FRA"]
[SourceTitle "EXT 2003"]
[Source "ChessBase"]
[SourceDate "2002.11.25"]
[SourceVersion "1"]
[SourceVersionDate "2002.11.25"]
[SourceQuality "1"]

1. d4 g6 2. Nf3 Bg7 3. Bf4 d6 4. e3 Nd7 5. Bc4 Ngf6 6. c3 0-0 7. Nbd2 c6 8. 0-0 b5 9. Bb3 Nh5 10. Bg3 Nxg3 11. hxg3 e5 12. d5 c5 13. a4 b4 14. e4 a5 15. Bc4 f5 16. cxb4 cxb4 17. Bb5 Nc5 18. Qe2 f4 19. Nh2 Ra7 20. g4 Raf7 21. f3 h5 22. Rfe1 Bf6 23. Bc4 Rh7 24. g5 Bxg5 25. Ndf1 Be7 26. g3 Kh8 27. Qg2 fxg3 28. Nxg3 Bh4 29. Re2 Rhf7 30. Ngf1 Bd7 31. b3 Qc8 32. Kh1 Kh7 33. Rc2 Bh3 34. Qe2 Qd8 35. Ne3 Bg3 36. Rg1 Bxh2 37. Qxh2 Rxf3 38. Rg3 Bd7 39. Rcg2 Rxg3 40. Qxg3 Qf6 41. Qh2 Qf4 0-1

[Event "Guingamp op 6th"]
[Site "Guingamp"]
[Date "2002.??.??"]
[Round "5"]
[White "Bidet, Michel"]
[Black "Lepagnol, Christian"]
[Result "1/2-1/2"]
[WhiteElo "1720"]
[BlackElo "1940"]
[PlyCount "55"]
[EventDate "2002.04.16"]
[EventType "swiss"]
[EventRounds "7"]
[EventCountry "FRA"]
[SourceTitle "EXT 2003"]
[Source "ChessBase"]
[SourceDate "2002.11.25"]
[SourceVersion "1"]
[SourceVersionDate "2002.11.25"]
[SourceQuality "1"]

1. e4 d6 2. d4 Nf6 3. Nc3 g6 4. Nf3 Bg7 5. Bg5 c5 6. Be2 Qa5 7. 0-0 cxd4 8. Bxf6 Bxf6 9. Nd5 Bg7 10. Nxd4 a6 11. Nb3 Qd8 12. c3 Nc6 13. a4 e6 14. Ne3 0-0 15. Qc2 Qc7 16. Nd2 Rd8 17. Rac1 d5 18. Nf3 Ne7 19. Rfd1 Bh6 20. exd5 exd5 21. Bd3 Nf5 22. Re1 Nxe3 23. fxe3 Re8 24. Qf2 Qe7 25. Kf1 Bg4 26. Rc2 Qd7 27. b3 Bxf3 28. Qxf3 1/2-1/2

[Event "Plancoet op 1st"]
[Site "Plancoet"]
[Date "2001.??.??"]
[Round "4"]
[White "Gicquel, Frederic"]
[Black "Lepagnol, Christian"]
[Result "1-0"]
[WhiteElo "2130"]
[BlackElo "1710"]
[PlyCount "86"]
[EventDate "2001.??.??"]
[EventType "swiss"]
[EventRounds "9"]
[EventCountry "FRA"]
[SourceTitle "EXT 2003"]
[Source "ChessBase"]
[SourceDate "2002.11.25"]
[SourceVersion "1"]
[SourceVersionDate "2002.11.25"]
[SourceQuality "1"]

1. f4 d5 2. Nf3 Nf6 3. e3 Bf5 4. Be2 e6 5. 0-0 Bd6 6. d3 c5 7. Qe1 Nc6 8. Bd1 Qb6 9. Kh1 h6 10. Nbd2 0-0 11. e4 dxe4 12. dxe4 Bxf4 13. exf5 Bxd2 14. Bxd2 exf5 15. b3 Rfe8 16. Qf2 Ne4 17. Qg1 Nxd2 18. Nxd2 Qb4 19. Nc4 Qc3 20. Bf3 Nd4 21. Bxb7 Rad8 22. Bf3 Re7 23. Qf2 Nxf3 24. Qxf3 Qxc2 25. Qxf5 Qxf5 26. Rxf5 Rde8 27. Raf1 Re2 28. a4 Rc2 29. Kg1 Ree2 30. R5f2 Rxf2 31. Rxf2 Rc1+ 32. Rf1 Rc3 33. Rb1 Kf8 34. Nd6 a6 35. Re1 g6 36. Re8+ Kg7 37. Ne4 Rxb3 38. Nxc5 Rb4 39. Re4 Rb1+ 40. Kf2 Rb2+ 41. Re2 Rb4 42. Rc2 g5 43. Ke3 Kf6 1-0

[Event "Plancoet op 1st"]
[Site "Plancoet"]
[Date "2001.??.??"]
[Round "3"]
[White "Lepagnol, Christian"]
[Black "Baugin, Alain"]
[Result "1/2-1/2"]
[WhiteElo "1710"]
[BlackElo "2130"]
[PlyCount "71"]
[EventDate "2001.??.??"]
[EventType "swiss"]
[EventRounds "9"]
[EventCountry "FRA"]
[SourceTitle "EXT 2003"]
[Source "ChessBase"]
[SourceDate "2002.11.25"]
[SourceVersion "1"]
[SourceVersionDate "2002.11.25"]
[SourceQuality "1"]

1. d4 c5 2. c3 Nf6 3. Nf3 e6 4. Bg5 d5 5. e3 Nc6 6. Be2 h6 7. Bh4 g5 8. Bg3 Ne4 9. Nbd2 h5 10. dxc5 Nxg3 11. hxg3 Bxc5 12. Nb3 Be7 13. Nfd4 h4 14. gxh4 gxh4 15. Nf3 e5 16. Bb5 Bg4 17. Qd2 Qd6 18. Na5 0-0-0 19. Bxc6 bxc6 20. Nxe5 h3 21. Nxg4 hxg2 22. Rg1 Rdg8 23. Qe2 Qc7 24. Qa6+ Kd7 25. Qxc6+ Qxc6 26. Ne5+ Kc7 27. Naxc6 Bd6 28. Nxf7 Rh1 29. Ke2 Rxg1 30. Rxg1 Bh2 31. Rxg2 Rxg2 32. Kf3 Rg1 33. Nb4 Rd1 34. Ke2 Rb1 35. Nd3 Kd7 36. Ng5 1/2-1/2

[Event "Plancoet op 1st"]
[Site "Plancoet"]
[Date "2001.??.??"]
[Round "2"]
[White "Thiel, Jean Claude"]
[Black "Lepagnol, Christian"]
[Result "1/2-1/2"]
[WhiteElo "2030"]
[BlackElo "1710"]
[PlyCount "100"]
[EventDate "2001.??.??"]
[EventType "swiss"]
[EventRounds "9"]
[EventCountry "FRA"]
[SourceTitle "EXT 2003"]
[Source "ChessBase"]
[SourceDate "2002.11.25"]
[SourceVersion "1"]
[SourceVersionDate "2002.11.25"]
[SourceQuality "1"]

1. d4 d5 2. f4 Nf6 3. Nf3 g6 4. e3 Bg7 5. Be2 0-0 6. 0-0 Nbd7 7. c3 Ne4 8. Bd2 f5 9. Be1 c6 10. Qb3 Qb6 11. Bh4 Bf6 12. Bxf6 exf6 13. c4 dxc4 14. Bxc4+ Kg7 15. Nc3 Qxb3 16. axb3 Re8 17. Nxe4 Rxe4 18. Kf2 Nb6 19. Nd2 Re7 20. Rfe1 a6 21. Nb1 Be6 22. Bxe6 Rxe6 23. Nc3 Rc8 24. Ra5 Rd8 25. h3 Nd5 26. Ra4 Re7 27. g3 Nb6 28. Raa1 Nd5 29. Nxd5 Rxd5 30. Rac1 Rb5 31. Rc3 h5 32. Ke2 Rd7 33. Rd1 Rdd5 34. Rdd3 Rb4 35. Rc4 Rdb5 36. Rxb4 Rxb4 37. Kd2 Rb5 38. Kc3 Kf7 39. Kc4 Rd5 40. b4 Ke6 41. Ra3 Kd6 42. Ra5 Rb5 43. b3 Rd5 44. Ra2 Rb5 45. Ra1 Rd5 46. Re1 Rb5 47. e4 fxe4 48. Rxe4 Kd7 49. g4 f5 50. gxf5 Rxf5 1/2-1/2